000 00289nam a22001337a 4500
008 181015b xxu||||| |||| 00| 0 eng d
020 _a9780716719816
041 _aeng
080 _a573
100 _a11
101 _aBIO
245 _aMolecular Cell Biology
_cDarnell
942 _2udc
_cBK
999 _c49737
_d49737